000 01115njm a22002657a 4500
005 20100901115333.0
006 a|||||r|||||00| 0
007 sd ammalaaahaa
008 100901t xxu||||| |||| 00| 0 eng d
028 _aN 54287
_bHis Master Voice
035 _aGR-01215
040 _aSED
_cSED
100 _aMangeshkar, Lata
_917891
245 _aBhootnath /
_cby Lata Mangeshkar ; Music by Vedpal Varma ; lyrices by Yusoof
_h[Sound recording]
246 _aभूतनाथ / लता मंगेशकर
260 _aDUM DUM, India
_bHis Master Voice
300 _a1 Sound disc [Gramophone Recording] :
_banalog, 33 1/3 rpm
_c9.5 in. (MP)
_fGramophone Record
500 _aBrief record
505 _aSide-1 शमा जलती रही (Shma jalti rahi) --Side-2 भुलेसे कर लिया प्यार (Bhulese kar liya pyar) (Lata Mangeshkar)
650 _aClassical music
_xExcerpts
_zIndia
_917892
700 _aVarma, Vedpal
_918869
700 _aKeshav
_918859
942 _2ddc
_cGR
999 _c44492
_d44492